000 00755nam a2200217Ia 4500
003 GCL
008 140319s9999 xx 000 0 ara d
040 _aGCL /
_cGCL
082 0 4 _a158
_bم م
100 1 _aمجدى احمد محمد عبدالله
245 1 0 _aالمزاج الواقعى\ المثالى وعلاقتة ببعض متغيرات الشخصية(دراسة عاملية) /
_cمجدى احمد محمد عبدالله
260 _a[S.N] :
_bدار المعرفة الجامعية ،
_c1990
300 _a136 ص
490 _a
650 0 4 _aعلم النفس
650 0 4 _aالشخصية
650 0 4 _aالاحصاء
650 0 4 _aالاحصاء التحليلى
650 0 4 _aالاحصاء الاجتماعى
942 _2ddc
_cBK
999 _c31606
_d31606